Seed Dormancy in Grasses : (Record no. 592370)

MARC details
000 -LEADER
fixed length control field 00506nam a2200193 a 4500
008 - FIXED-LENGTH DATA ELEMENTS--GENERAL INFORMATION
fixed length control field 251018s1990##################000#0#eng##
020 ## - INTERNATIONAL STANDARD BOOK NUMBER
ISBN 9780521372886
082 04 - DEWEY DECIMAL CLASSIFICATION NUMBER
Classification number 584.90446
Item number SIM
100 1# - MAIN ENTRY--AUTHOR NAME
Personal name Simpson, G. M.,
245 10 - TITLE STATEMENT
Title Seed Dormancy in Grasses :
260 ## - PUBLICATION, DISTRIBUTION, ETC. (IMPRINT)
Name of publisher Cambridge University Press,
Year of publication 1990.
300 ## - PHYSICAL DESCRIPTION
Number of Pages 309 pages
650 #0 - SUBJECT ADDED ENTRY--TOPICAL TERM
Topical Term Medical.
942 ## - ADDED ENTRY ELEMENTS (KOHA)
Koha item type English Books
Holdings
Withdrawn status Lost status Damaged status Not for loan Home library Current library Shelving location Date acquired Full call number Accession Number Price effective from Koha item type
        Anna Centenary Library Anna Centenary Library 5TH FLOOR, B WING 18.10.2025 584.90446 SIM 240920 18.10.2025 English Books

Find us on the map